| 000 | 00858nam a2200217Ia 4500 | ||
|---|---|---|---|
| 999 |
_c4565 _d4565 |
||
| 003 | OSt | ||
| 005 | 20200430104342.0 | ||
| 008 | 191128s2008 ck ab gr o000 0 spa d | ||
| 020 | _a97895883232513 | ||
| 040 |
_aCO-JMCR _cCO-JMCR |
||
| 041 | 0 | _aspa | |
| 082 | 0 | 4 |
_a324.9861 / _bC718a _223 |
| 110 | 1 |
_aColombia. _bRegistraduría Nacional del Estado Civil _93670 |
|
| 245 | 1 | 0 |
_aAtlas electoral de Colombia : _belecciones de autoridades locales 2000 - 2003 - 2007 / _cRegistraduría Nacional del Estado Civil |
| 260 |
_a[Bogotá] : _bRegistraduría Nacional del Estado Civil, _c2008 |
||
| 300 |
_a1 atlas (621 páginas) : _bilustraciones y mapas a color ; _c35 cm. |
||
| 650 | 1 | 4 |
_aElecciones _xmapas _zColombia _93752 |
| 650 | 1 | 4 |
_aParticipación electoral _xmapas _zColombia _93753 |
| 650 | 1 | 4 |
_aPartidos políticos _xmapas _zColombia _93754 |
| 942 |
_2ddc _cBK |
||